000 01059nam a22002657a 4500
005 20230622091556.0
008 230622b ||||| |||| 00| 0 eng d
020 _a9788125000723
040 _cAL
041 _aeng
082 _223
_a320.954
_bKOTP
100 _aRajni Kothari
_9124481
245 _aPolitics in India
260 _aHyderabad
_bOrient Blackswan
_c2010
300 _axi,470p.
_bPB
_c21x14cm.
365 _2Political Science
_b395.00
_c
_d395.00
520 _aReading books is a kind of enjoyment. Reading books is a good habit. We bring you a different kinds of books. You can carry this book where ever you want. It is easy to carry. It can be an ideal gift to yourself and to your loved ones. Care instruction keep away from fire.
650 _aHistorial Atecedents
_9124482
650 _aInstitutional Strategy
_9124483
650 _aSocial Infrastructure
_9124484
650 _aInternational Environment
_9124485
650 _aPolitical Cuture and Socialization
_9124486
700 _aKOTHARI (Rajni)
_9124487
942 _2ddc
_cDB
999 _c227606
_d227606